Užití výběrových šetření v ekonomické statistice vědecký sborník

Guardado en:
Detalles Bibliográficos
Formato: Libro
Lenguaje:checo
Publicado: Praha Státní pedagogické nakladatelství 1958
Etiquetas: Agregar Etiqueta
Sin Etiquetas, Sea el primero en etiquetar este registro!

MARC

LEADER 00000nam a2200000 4500
001 c123394
005 20181203150349.4
041 0 |a cze 
044 |a CZ 
245 1 0 |a Užití výběrových šetření v ekonomické statistice  |b vědecký sborník 
264 1 |a Praha  |b Státní pedagogické nakladatelství  |c 1958 
300 |a 191 s.